Представление документа в формате MARC21

Поле Инд. ПП Название Значение
Тип записи a
Библиографический уровень m
001 Контрольный номер 1a488d88f06e4b6da499920e62c4dedb
005 Дата корректировки 20190514113325.0
024 80 a Стандартный номер 10.02.01
040 a Служба первич. каталог. НБ ТвГУ
b Код языка каталог. rus
e Правила каталог. PSBO
041 0_ a Код языка текста rus
080 a Индекс УДК 811.161.1'23(043.3)
080 a Индекс УДК 808.5(043.3)
084 a Индекс другой классификации/Индекс ББК Ш141.12-006я031
084 a Индекс другой классификации/Индекс ББК Ш141.12-553я031
090 a Полочн. индекс Ш141.12
x Авторский знак Г 65
097 b Оператор mimoza
100 1_ a Автор Гончар Мария Сергеевна
q Полное имя Гончар М. С.
245 10 a Заглавие Пожелание и комплимент как национально ориентированные речевые тактики в речи русских и представителей Восточной Азии на русском языке
b Продолж. заглавия автореферат диссертации ... кандидата филологических наук : 10.02.01 - русский язык
c Ответственность науч. рук. Н. А. Любимова ; оппоненты: Л. В. Миллер, Г. М. Васильева
260 c Дата издания 2018
a Место издания Санкт-Петербург
b Издательство б. и.
300 a Объем 21 с.
500 a Примечание На правах рукописи
653 0_ a Ключевые слова Русский язык
a Ключевые слова Лингвистика русского языка
a Ключевые слова Психолингвистика
a Ключевые слова Язык и речь
a Ключевые слова Речевое поведение
a Ключевые слова Речевое общение
a Ключевые слова Речевой этикет
a Ключевые слова Культура речи
a Ключевые слова Комплименты
a Ключевые слова Пожелания
a Ключевые слова Лингвокультурология
a Ключевые слова Лингвистическая культурология
a Ключевые слова Этнолингвистика
a Ключевые слова Авторефераты
a Ключевые слова Кандидатские диссертации
700 12 a Другие авторы Любимова Нина Александровна
e Роль лиц Научный руководитель
700 12 a Другие авторы Миллер Людмила Владимировна
e Роль лиц Оппонент
700 12 a Другие авторы Васильева Галина Михайловна
e Роль лиц Оппонент
710 12 a Организация/ юрисдикция Санкт-Петербургский государственный университет
e Роль коллектива место выполнения работы
710 12 a Организация/ юрисдикция Национальный исследовательский университет "Высшая школа экономики"
e Роль коллектива ведущая организация
710 12 a Организация/ юрисдикция Санкт-Петербургский государственный университет
e Роль коллектива место защиты
901 t Тип документа d
920 a Оператор Семен
a Оператор Рунт
a Оператор Стро
930 a Новая/Ретро новая
952 c Вид литературы А/Р н
954 b Дата поступления в ОК 20180619
a Дата поступления на обработку 20190207
c Дата окончания ОНО 20190514